Úvod do problematiky etiky vo financiách

Základné etické prístupy v ekonomike a podnikaní. Historický pohľad. Úrovne podnikateľskej etiky. Etika a finančný sektor.

Saved in:
Bibliographic Details
Main Author: Heretiková, Katarína
Other Authors: Pilch, Ctibor, 1957-
Format: Book Chapter
Language:Slovak
Subjects:
Tags: Add Tag
No Tags, Be the first to tag this record!

MARC

LEADER 00000nla a2200000 4500
001 0216059
005 20240502073612.8
041 0 |a slo 
044 |a SK 
245 1 0 |a Úvod do problematiky etiky vo financiách  |c Katarína Heretiková, Ctibor Pilch 
520 |a Základné etické prístupy v ekonomike a podnikaní. Historický pohľad. Úrovne podnikateľskej etiky. Etika a finančný sektor. 
610 2 0 |a história 
610 2 0 |a trh finančný 
610 2 0 |a podnikanie 
610 2 0 |a služby finančné 
610 2 0 |a etika podnikateľská 
100 1 |a Heretiková, Katarína 
700 1 |a Pilch, Ctibor, 1957-